Focus (Record no. 83423)
[ view plain ]
| 000 -LEADER | |
|---|---|
| fixed length control field | 00919cab a22002175a 4500 |
| 001 - CONTROL NUMBER | |
| control field | L153947 |
| 008 - FIXED-LENGTH DATA ELEMENTS--GENERAL INFORMATION | |
| fixed length control field | 110927e20111017xxk 000 0 eng d |
| 035 ## - SYSTEM CONTROL NUMBER | |
| System control number | (Sirsi) u153947 |
| 041 0# - LANGUAGE CODE | |
| Language code of text/sound track or separate title | eng |
| 100 1# - MAIN ENTRY--PERSONAL NAME | |
| Personal name | Donnell, Richard |
| 245 00 - TITLE STATEMENT | |
| Title | Focus |
| Remainder of title | Residential |
| 260 ## - PUBLICATION, DISTRIBUTION, ETC. | |
| Date of publication, distribution, etc. | 2011 |
| 490 ## - SERIES STATEMENT | |
| Series statement | Estates Gazette |
| Volume/sequential designation | (1137) 17 September 2011, 75-85(9) |
| 520 ## - SUMMARY, ETC. | |
| Summary, etc. | Features include London's housing market which has evolved a unique dynamic with overseas buyers and the financial services industry keeping prices higher than other parts of the country. Also includes information about government's proposed changes to energy performance certificates to include more details about potential energy-saving measures tailored to the home for sale or to let. |
| 590 ## - LOCAL NOTE (RLIN) | |
| Local note | KA |
| 651 #4 - SUBJECT ADDED ENTRY--GEOGRAPHIC NAME | |
| Geographic name | United Kingdom |
| Chronological subdivision | |
| 690 ## - LOCAL SUBJECT ADDED ENTRY--TOPICAL TERM (OCLC, RLIN) | |
| Topical term or geographic name as entry element | PROPERTY-RESIDENTIAL PROPERTY |
| 700 1# - ADDED ENTRY--PERSONAL NAME | |
| Personal name | Norwood, Graham |
| 700 1# - ADDED ENTRY--PERSONAL NAME | |
| Personal name | Kenny, James |
| 942 ## - ADDED ENTRY ELEMENTS (KOHA) | |
| Suppress in OPAC | 0 |
| Withdrawn status | Lost status | Source of classification or shelving scheme | Damaged status | Not for loan | Home library | Current library | Shelving location | Date acquired | Total Checkouts | Full call number | Barcode | Date last seen | Copy number | Price effective from | Koha item type |
|---|---|---|---|---|---|---|---|---|---|---|---|---|---|---|---|
| Dewey Decimal Classification | London | London | Journal article | 27/09/2011 | L153947 | 153947-1001 | 06/08/2019 | 1 | 06/08/2019 | Journal article |